000 00983cam a22003257a 4500
003 CHAP
005 20220329142319.0
008 000612d1999 pe ab r 00110 spa d
010 _a81506
011 _a82478
020 _a9290601973
035 _a92975
040 _cCHAP
082 0 4 _a635.21
_bO25
100 0 0 _aOchoa, Carlos M.
_982704
245 1 4 _aLas papas de Sudamérica :
_bPerú
260 _aLima, Perú :
_bCentro Internacional de la Papa,
_c1999.
300 _av. :
_bilus. ; mapas
500 _aLa biblioteca tiene: v.1
590 _aBATCH-UPD
_b10
_c20130110
_lUCH01
_h1541
590 _aBATCH-UPD
_b10
_c20130410
_lUCH01
_h0943
590 _aBATCH-UPD
_b10
_c20130914
_lUCH01
_h1849
590 _aCONVERSION
_b10
_c20130109
_lUCH01
_h1345
650 1 4 _aPapa
_xPerú.
_985269
650 1 4 _aPapa
_xVariedades.
_985300
901 _aBK
905 _aGuadalupe Pinto C.
942 _cLIBRO
949 _a625.21 O25
_bBC
_cLIBRO
_d33724000782496
_eLIBRO
_fv.1
_h98219
_i92975
_si
999 _c81506
_d81506